000
00309nam a22001457a 4500
008
210526b ||||| |||| 00| 0 eng d
020
_a
9781603598446
041
_a
eng
080
_a
61
082
_a
61
100
_a
4
101
_a
SHM
245
_a
Professional Edition cpt 2014
_c
AMA
942
_2
udc
_c
BK
999
_c
57653
_d
57653